| 000 | 00527nam a2200181Ia 4500 | ||
|---|---|---|---|
| 003 | SGT | ||
| 020 | _a9788120304093 | ||
| 082 |
_a4.165 _bLIU |
||
| 100 | _aLiu,Yu-Cheng | ||
| 245 | _aMicrocomputer systems the 8086/8088 family | ||
| 250 | _a2nd Ed. | ||
| 260 |
_bPHI Learning Private Limited _aNew Delhi _c1986 |
||
| 300 | _a622p. | ||
| 650 | _aCOMPUTER SCIENCE | ||
| 653 | _aINTRODUCTION,ARCHITECTURE,ASSEMBLER LANGUAGE PROGRAMMING,MODULAR PROGRAMMING,INTERFACES,PROGRAMMING | ||
| 700 | _aGibson,Glenn A | ||
| 942 |
_2ddc _cBK |
||
| 999 |
_c5039 _d5039 |
||